Planning and economic policy in India (Record no. 69464)
[ view plain ]
| 000 -LEADER | |
|---|---|
| fixed length control field | 00814cam a22002531 4500 |
| 001 - CONTROL NUMBER | |
| control field | sa 66004509 |
| 003 - CONTROL NUMBER IDENTIFIER | |
| control field | DLC |
| 005 - DATE AND TIME OF LATEST TRANSACTION | |
| control field | 20260227112243.0 |
| 008 - FIXED-LENGTH DATA ELEMENTS--GENERAL INFORMATION | |
| fixed length control field | 720223s1965 ii 001 0 eng |
| 010 ## - LIBRARY OF CONGRESS CONTROL NUMBER | |
| LC control number | sa 66004509 |
| 035 ## - SYSTEM CONTROL NUMBER | |
| System control number | (OCoLC)248638 |
| 040 ## - CATALOGING SOURCE | |
| Original cataloging agency | DLC |
| Transcribing agency | ODaWU |
| Modifying agency | TNJ |
| -- | DLC |
| 042 ## - AUTHENTICATION CODE | |
| Authentication code | premarc |
| 050 00 - LIBRARY OF CONGRESS CALL NUMBER | |
| Classification number | HC435 |
| Item number | .G255 1965 |
| 082 ## - DEWEY DECIMAL CLASSIFICATION NUMBER | |
| Classification number | 338.954 |
| 100 1# - MAIN ENTRY--PERSONAL NAME | |
| Personal name | Gadgil, D. R. |
| Fuller form of name | (Dhananjaya Ramchandra), |
| Dates associated with a name | 1901-1971. |
| 245 10 - TITLE STATEMENT | |
| Title | Planning and economic policy in India |
| Statement of responsibility, etc. | [by] D. R. Gadgil. |
| 250 ## - EDITION STATEMENT | |
| Edition statement | [3rd ed.] |
| 260 ## - PUBLICATION, DISTRIBUTION, ETC. | |
| Place of publication, distribution, etc. | Poona, |
| Name of publisher, distributor, etc. | Gokhale Institute of Politics and Economics; |
| Place of publication, distribution, etc. | Bombay, |
| -- | New York, |
| Name of publisher, distributor, etc. | Asia Pub. House, |
| Date of publication, distribution, etc. | [1965] |
| 300 ## - PHYSICAL DESCRIPTION | |
| Extent | vii (i.e. xviii), 354 p. |
| Dimensions | 25 cm. |
| 440 #0 - SERIES STATEMENT/ADDED ENTRY--TITLE | |
| Title | Gokhale Institute studies, |
| Volume/sequential designation | 39 |
| 651 #0 - SUBJECT ADDED ENTRY--GEOGRAPHIC NAME | |
| Geographic name | India |
| General subdivision | Economic policy. |
| 651 #0 - SUBJECT ADDED ENTRY--GEOGRAPHIC NAME | |
| Geographic name | India |
| General subdivision | Social policy. |
No items available.